La Civiltà Cattolica : 7 dicembre 1974, anno 125 /

La Civiltà Cattolica es una revista italiana editada en Roma por los jesuitas y una de las publicaciones católicas más longevas que circulan actualmente. De periodicidad quincenal, se imprimió por primera vez en 1850 con la misión de integrar la noción de civilización en la cultura y la fe católica,...

ver descrição completa

Na minha lista:
Detalhes bibliográficos
Outros Autores: Sorge, Bartolomeo (dirección) (dirección)
Formato: Livro
Idioma:Língua italiana
Assuntos:
Tags: Adicionar Tag
Sem tags, seja o primeiro a adicionar uma tag!

MARC

LEADER 00000nam^a2200000^a^4500
001 000362458
005 20250521000000.0
009 20260310115521.555
037 |a Acervo ITESO - Biblioteca 
041 |a ITA 
082 |a 282. 05  |b CIV V. 2987 
240 1 4 |a [La Civiltà Cattolica] 
245 0 3 |a La Civiltà Cattolica :  |b 7 dicembre 1974, anno 125 /  |c Dir. de B. Sorge. 
264 |a Roma, Italia :  |b La Civiltà Cattolica,  |c 1974 
300 |a p. 417-520 
336 |a texto  |b txt  |2 rdacontenido 
337 |a sin mediación  |b n  |2 rdamedio 
338 |a volumen  |b nc  |2 rdasoporte 
520 |a La Civiltà Cattolica es una revista italiana editada en Roma por los jesuitas y una de las publicaciones católicas más longevas que circulan actualmente. De periodicidad quincenal, se imprimió por primera vez en 1850 con la misión de integrar la noción de civilización en la cultura y la fe católica, así como de difundir la posición y participación del Vaticano ante los debates contemporáneos. Entre sus páginas se puede leer sobre teología y política, economía y sociología, literatura y cine, arte e historia, así como de figuras, eventos y doctrinas importantes para la Iglesia. A lo largo de su historia se le ha cuestionado seriamente su tono combativo y autoritativo, así como las opiniones que ha emitido frente a controversias políticas como el fascismo, el antisemitismo o el comunismo. 
649 |a XX 
650 |a Cineastas Italianos 
650 |a Escritores Italianos 
650 |a Artistas Italianos 
650 |a Obispos 
650 |a Jesuitas 
650 |a Vida Cristiana 
650 |a Iglesia Católica -  |x Publicaciones Periódicas Italianas 
650 |a Iglesia Católica -  |x Tema Principal 
650 |a Hambre -  |x Aspectos Sociales y Culturales 
650 |a Películas de Ciencia-Ficción -  |x Historia y Crítica 
650 |a Libros -  |x Reseñas 
650 |a Restauración y Conservación del Patrimonio Intangible -  |z Bolonia, Italia 
650 |a Patrimonio Artístico -  |z Bolonia, Italia 
650 |a Patrimonio Histórico -  |z Bolonia, Italia 
650 |a Problemas Sociales 
650 |a Movimientos Religiosos 
650 |a Política Alimentaria 
650 |a Política y Religión-  |z Alemania -  |x Historia 
650 |a Catolicismo -  |x Publicaciones Periódicas Italianas -  |x Tema Principal 
650 |a Cristianismo 
650 |a Religión 
650 |a Publicaciones Periódicas Italianas 
650 |a Rossellini, Roberto 
700 |a Sorge, Bartolomeo  |e (dirección) 
910 |a Fondo Ignacio Díaz Morales 
920 |a Impresos - Libros 
930 |a Arquitectos Jaliscienses 
905 |a 114 
901 |a 0500255681  |b IT1  |c JAL  |i D69953  |u 20250521 
902 |a https://opac.biblio.iteso.mx/vufind/Record/000362458